| 000 | 01925cam a22003134i 4500 | ||
|---|---|---|---|
| 003 | PE-LiUPU | ||
| 005 | 20251002164628.0 | ||
| 008 | 1605s2016 sp a rb 000 0 spa d | ||
| 020 | _a9788416772025 | ||
| 035 | _aPE-LiUPU000001 | ||
| 040 |
_aPE-LiUPU _bspa _cPE-LiUPU _erda |
||
| 082 | 0 | 4 |
_a341.8 _bT113e _223 |
| 100 |
_aTabernero Capella, Sebastián, _eautor. _97047 |
||
| 245 | 1 | 0 |
_aEl abogado de familia en busca de sentido : _buna propuesta ética desde Viktor Frankl / _cpor Sebastián Tabernero. |
| 264 | 1 |
_aValencia : _bEditorial Samaruc, _c2016. |
|
| 300 |
_a238 páginas : _bilustraciones ; _c21 cm |
||
| 336 |
_atext _2rdacontent |
||
| 337 |
_aunmediated _2rdamedia |
||
| 338 |
_avolume _2rdacarrier |
||
| 504 | _aIncluye bibliografía. | ||
| 505 | 0 | _aUna primera aproximación a la ética profesional -- Diferentes teorías éticas para una ética profesional -- La ética profesional del abogado -- Desafíos éticos para el abogado de familia -- Viktor E. Frankl: conceptos de logoterapia y de análisis existencial -- El análisis existencial: la imagen logoterapéutica del hombre -- La logoterapia como forma de conversar: un diálogo existencial -- Aplicación del análisis existencial y de la logoterapia en la orientación no clínica -- Logoterapia y educación: la logoeducación -- Relevancia del pensamiento de Viktor E. Frankl para la ética aplicada del abogado de familia -- ¿Algo más que un profesional del Derecho?... Las otras facetas del abogado de familia. | |
| 600 | 0 |
_aFrankl, Viktor E., _d1905-1997 _97084 |
|
| 650 | 1 | 7 |
_aAbogados _xMoral profesional. _97082 _2embne |
| 650 | 2 | 7 |
_aFamilias _xAspectos morales. _97083 _2embne |
| 856 | 4 | 0 |
_uhttps://editorialsamaruc.com/ _zAcceso al sitio de la editorial. |
| 942 |
_2ddc _cBK |
||
| 980 |
_621515 _aROMINA COBOS Adquisiciones _818226 _gJaime Vilcazán Jefe de Análisis Documental |
||
| 999 |
_c63084 _d63083 |
||